00544nam a2200121Ia 4500008004100000245024700041260001900288260000900307300000600316650002600322650001200348856006200360170516s9999 xx 000 0 und d aHemosuccus Pancreaticus: 15-Year Experience from a Tertiary Care GI Bleed Centre, Ashwin Rammohan, Ravichandran Palaniappan, Sukumar Ramaswami, Senthil Kumar Perumal, Anand Lakshmanan, U. P. Srinivasan, Ravi Ramasamy, and Jeswanth Sathyanesan bISRN Radiology c2014 a: xRadiologic Technology xRadtech uhttps://www.hindawi.com/journals/isrn/contents/radiology/